| 000 | 00711nam a2200229 a 4500 | ||
|---|---|---|---|
| 005 | 20140310183617.0 | ||
| 008 | 120904s19uu xx 00 eng d | ||
| 020 | _a9781118157831 | ||
| 050 |
_aHF 5718 _b.N736 2012 |
||
| 100 | _aNixon, Peter | ||
| 245 |
_aDialogue gap : _bwhy communication isn't enough and what we can do about it, fast / _cPeter Nixon. |
||
| 260 |
_aSingapore : _bJohn Wiley & Sons Singapore Pte. Ltd, _c2012. |
||
| 300 |
_a390 p. : _bill. ; _c30 cm. |
||
| 500 | _aIncludes index. | ||
| 521 | _aBSBA | ||
| 650 | _aInterpersonal communication | ||
| 650 | _aOral communication | ||
| 650 | _aBusiness communication | ||
| 650 | _aNegotiation | ||
| 942 |
_cBK _2lcc _kFOR |
||
| 999 |
_c25334 _d25334 |
||